000 00351nam a22001217a 4500
003 SGT
082 _a891.4309
_bB17D
100 _aदुसाध, एच. एल.
245 _a बहुजन राजनीती का पतन
260 _bबहुजन डाइवर्सिटी मिशन
_c2017
300 _a168
942 _2ddc
_cBK
999 _c31224
_d31224